[Event "Lichtenberger Sommer 2019"]
[Site "Berlin"]
[Date "2019.08.23"]
[Round "7.21"]
[White "Kornrumpf, Joachim"]
[Black "Bauder, Herbert"]
[Result "1-0"]
[WhiteElo "2099"]
[BlackElo "1947"]
[PlyCount "86"]
[EventDate "2019.??.??"]
[WhiteTeam "Preetzer TSV"]
[BlackTeam "Lasker Steglitz-Wilmersdorf"]

1. b3 e5 2. Bb2 d6 3. c4 g6 4. d4 Nd7 5. dxe5 dxe5 6. Nf3 Bg7 7. Qc2 Ne7 8. Nc3
O-O 9. Rd1 Nf5 10. e3 c6 11. Be2 Nh4 12. O-O Nxf3+ 13. Bxf3 f5 14. Ba3 Re8 15.
e4 Qg5 16. Rd2 Nf6 17. Rfd1 Be6 18. Rd6 Bf8 19. Bc1 f4 20. R6d3 Ng4 21. h3 Nf6
22. Kf1 h5 23. Ne2 Bc5 24. a3 a5 25. Bb2 Qh4 26. Ng1 Qg5 27. R1d2 Nh7 28. Qc3
Bd4 29. Rxd4 exd4 30. Qxd4 Qh6 31. Qb6 Reb8 32. Rd6 Nf8 33. Be2 Qh7 34. Nf3 Qe7
35. Qd4 Rd8 36. c5 b6 37. Qh8+ Kf7 38. Ne5+ Ke8 39. Nxc6 Qc7 40. Rxe6+ Kd7 41.
Qg7+ Kc8 42. Qxc7+ Kxc7 43. Nxd8 Kxd8 1-0

[Event "Lichtenberger Sommer 2019"]
[Site "Berlin"]
[Date "2019.08.23"]
[Round "7.22"]
[White "Landt, Stefan"]
[Black "Sabrowski, Uwe"]
[Result "1-0"]
[WhiteElo "1910"]
[BlackElo "2073"]
[PlyCount "55"]
[EventDate "2019.??.??"]
[WhiteTeam "SC Kreuzberg"]
[BlackTeam "SV Berolina Mitte"]

1. d4 f5 2. g3 g6 3. Bg2 Bg7 4. c4 Nf6 5. Nc3 d6 6. d5 a5 7. Be3 c5 8. Nh3 Na6
9. Ng5 Nc7 10. h4 h6 11. Nh3 Ng4 12. Bd2 Ne5 13. Nf4 h5 14. e4 O-O 15. Qe2 Qe8
16. exf5 Bxf5 17. a4 Bh6 18. Ne4 Ra6 19. Bc3 Qf7 20. Nxc5 Rb6 21. Bxe5 dxe5 22.
Qxe5 Ne8 23. Nce6 Nd6 24. Qc3 Bxf4 25. Nxf4 Rb4 26. b3 Qf6 27. Rc1 Be4 28. O-O
1-0

[Event "Lichtenberger Sommer 2019"]
[Site "Berlin"]
[Date "2019.08.23"]
[Round "7.23"]
[White "Heuser, Philip"]
[Black "Dittrich, Tom"]
[Result "1-0"]
[WhiteElo "2064"]
[BlackElo "1923"]
[PlyCount "149"]
[EventDate "2019.??.??"]
[WhiteTeam "Münchener SC"]
[BlackTeam "SG Stadtilm"]

1. d4 Nf6 2. Bg5 e6 3. Nf3 h6 4. Bh4 Be7 5. e3 d5 6. c4 O-O 7. Nc3 c6 8. Bd3
dxc4 9. Bxc4 Nd5 10. Bg3 Nd7 11. O-O N7f6 12. Qd3 a5 13. Ne5 Nh5 14. Rac1 Bf6
15. Rfd1 Nxg3 16. hxg3 Bxe5 17. dxe5 Qg5 18. Qd4 b5 19. Be2 Bb7 20. Ne4 Qe7 21.
Nd6 f6 22. Bf3 Rad8 23. Nxb7 Qxb7 24. exf6 Nxf6 25. Qxd8 Rxd8 26. Rxd8+ Kf7 27.
Bxc6 Qe7 28. Rdd1 Qb4 29. b3 a4 30. bxa4 bxa4 31. Rc2 Nd5 32. Bxd5 exd5 33.
Rcd2 Qc4 34. g4 a3 35. g3 Ke6 36. Kg2 Qe4+ 37. Kg1 Qc4 38. Kh2 Kf6 39. Kg2 Qe4+
40. Kg1 Qc4 41. Rxd5 Qxa2 42. Ra5 Qe2 43. Rd6+ Ke7 44. Rda6 Qxg4 45. Re5+ Kf7
46. Rxa3 h5 47. Rd3 Kf6 48. Rd4 Qe2 49. Rc5 g5 50. Kg2 Qb2 51. Rdd5 Qb7 52. Kh2
Qb2 53. Rf5+ Ke6 54. Rce5+ Kd6 55. Kg2 h4 56. Rd5+ Ke6 57. Rde5+ Kd6 58. gxh4
gxh4 59. Re4 Qg7+ 60. Kh3 Qg1 61. Rxh4 Qh1+ 62. Kg4 Qg2+ 63. Kh5 Qg7 64. Rhf4
Qh8+ 65. Kg4 Qh2 66. Rf6+ Ke7 67. R6f5 Qg2+ 68. Kh5 Qh3+ 69. Kg6 Qg2+ 70. Rg5
Qc6+ 71. Kg7 Qc3+ 72. Rd4 Ke6 73. f4 Qc7+ 74. Kh6 Kf6 75. Rd6+ 1-0

[Event "Lichtenberger Sommer 2019"]
[Site "Berlin"]
[Date "2019.08.23"]
[Round "7.24"]
[White "Schulz, Hartmut"]
[Black "Metzinger, Hannes"]
[Result "1-0"]
[WhiteElo "2064"]
[BlackElo "1917"]
[PlyCount "37"]
[EventDate "2019.??.??"]
[WhiteTeam "SC Rochade (Berlin)"]
[BlackTeam "SK Ottenau"]

1. d4 d5 2. Nf3 e6 3. c4 Nf6 4. Nc3 c5 5. cxd5 Nxd5 6. e3 cxd4 7. exd4 Be7 8.
Bc4 a6 9. O-O O-O 10. Qe2 Nxc3 11. bxc3 b5 12. Qe4 Ra7 13. Bd3 g6 14. Bh6 Re8
15. Qe5 Bf6 16. Qxb8 Rc7 17. Rac1 e5 18. Rfe1 Qe7 19. Qb6 1-0

[Event "Lichtenberger Sommer 2019"]
[Site "Berlin"]
[Date "2019.08.23"]
[Round "7.26"]
[White "Baranowsky, Peter"]
[Black "Hahlbohm, Matthias"]
[Result "1/2-1/2"]
[WhiteElo "1889"]
[BlackElo "2041"]
[PlyCount "23"]
[EventDate "2019.??.??"]
[WhiteTeam "SF 1903 Berlin"]
[BlackTeam "TSG Oberschöneweide"]

1. c4 e6 2. d4 d5 3. Nf3 f5 4. Nc3 c6 5. e3 Nf6 6. Qc2 Bd6 7. a3 a5 8. b3 O-O
9. Bb2 g6 10. Ne5 Nbd7 11. f4 Ne4 12. Nxe4 1/2-1/2

[Event "Lichtenberger Sommer 2019"]
[Site "Berlin"]
[Date "2019.08.23"]
[Round "7.25"]
[White "Poseck, Steffen"]
[Black "Eisheh, Jens-Tarek"]
[Result "1/2-1/2"]
[WhiteElo "2041"]
[BlackElo "1779"]
[PlyCount "44"]
[EventDate "2019.??.??"]
[WhiteTeam "BSV 63 Chemie Weißensee"]
[BlackTeam "Lübecker SV"]

1. c4 b6 2. d4 e6 3. e4 d5 4. cxd5 exd5 5. e5 Bb4+ 6. Bd2 Bxd2+ 7. Nxd2 Ne7 8.
Bd3 Ng6 9. Ne2 O-O 10. O-O c5 11. f4 f5 12. Rc1 c4 13. Bb1 b5 14. b3 Be6 15. a4
a6 16. Rf3 Nc6 17. Nf1 Qb6 18. Ne3 Na5 19. b4 Nc6 20. a5 Qa7 21. Qd2 Qe7 22.
Nc2 Rab8 1/2-1/2

[Event "Lichtenberger Sommer 2019"]
[Site "Berlin"]
[Date "2019.08.23"]
[Round "7.27"]
[White "Sieglen, Joachim"]
[Black "Guder, Sibylle"]
[Result "1/2-1/2"]
[WhiteElo "2218"]
[BlackElo "1893"]
[PlyCount "55"]
[EventDate "2019.??.??"]
[WhiteTeam "SC Untergrombach"]
[BlackTeam "SF 1903 Berlin"]

1. d4 Nf6 2. c4 g6 3. Nc3 Bg7 4. e4 d6 5. Nf3 O-O 6. Be2 e5 7. O-O Nc6 8. d5
Ne7 9. b4 Ne8 10. c5 f5 11. Nd2 Nf6 12. f3 f4 13. Nc4 g5 14. a4 Ng6 15. Ba3 Rf7
16. b5 dxc5 17. Bxc5 Bf8 18. Bxf8 Qxf8 19. Rc1 h5 20. d6 Be6 21. dxc7 Rxc7 22.
Qd6 Qxd6 23. Nxd6 Rd8 24. b6 axb6 25. Ncb5 Rcd7 26. Nc4 Bxc4 27. Bxc4+ Kf8 28.
Be6 1/2-1/2

[Event "Lichtenberger Sommer 2019"]
[Site "Berlin"]
[Date "2019.08.23"]
[Round "7.28"]
[White "Alten, Silvio"]
[Black "Bui, Bao Anh Le"]
[Result "0-1"]
[WhiteElo "1883"]
[BlackElo "2087"]
[PlyCount "74"]
[EventDate "2019.??.??"]
[WhiteTeam "SV Mattnetz Berlin"]
[BlackTeam "SV Mattnetz Berlin"]

1. e4 c5 2. Nc3 Nc6 3. Nf3 e5 4. Bc4 g6 5. d3 h6 6. h3 Bg7 7. Be3 d6 8. Nh2 Nd4
9. Ne2 Be6 10. Bxe6 Nxe6 11. c4 Ne7 12. Qd2 f5 13. f3 Nd4 14. Rb1 Nec6 15. Nxd4
exd4 16. Bf2 O-O 17. exf5 Qe8+ 18. Kf1 Rxf5 19. g4 Rf8 20. Kg2 g5 21. Bg3 Qg6
22. Rbe1 Nb4 23. Re4 Nxa2 24. Rd1 Nb4 25. Qe2 Rae8 26. Be1 d5 27. cxd5 Nxd5 28.
Bd2 Nf6 29. Re6 Kh7 30. Rxe8 Rxe8 31. Qf1 Nd5 32. Kh1 Be5 33. Re1 Bf4 34. Bxf4
Nxf4 35. Re4 Rxe4 36. fxe4 Qa6 37. Nf3 Qxd3 0-1

[Event "Lichtenberger Sommer 2019"]
[Site "Berlin"]
[Date "2019.08.23"]
[Round "7.29"]
[White "Teichert, Felix"]
[Black "Khojoyan, Martin"]
[Result "1-0"]
[WhiteElo "2027"]
[BlackElo "1850"]
[PlyCount "103"]
[EventDate "2019.??.??"]
[WhiteTeam "Leegebrucher SF"]
[BlackTeam "SV Motor Wildau"]

1. Nf3 d5 2. c4 d4 3. g3 g6 4. Bg2 Bg7 5. O-O e5 6. e3 dxe3 7. dxe3 Nd7 8. Nc3
Ngf6 9. b3 O-O 10. Qc2 c6 11. Rd1 Qa5 12. Bb2 Re8 13. a3 Qc7 14. Rd2 Nf8 15. h3
Bf5 16. e4 Bd7 17. Rad1 Qc8 18. Kh2 h6 19. Na4 Nh5 20. Nc5 Re7 21. Nxe5 Bxe5
22. Bxe5 Rxe5 23. Nxd7 Re7 24. Nxf8 Qxf8 25. Rd6 Qg7 26. Qd2 Rae8 27. Rd8 Qf6
28. Rxe8+ Rxe8 29. b4 Kh7 30. Qe3 a6 31. Qd4 Qg5 32. Rd3 Ng7 33. f4 Qe7 34. Qd7
Ne6 35. Kg1 Kg7 36. Kf2 Nf8 37. Qd4+ Kg8 38. Qd6 Kg7 39. e5 Qe6 40. Qxe6 Rxe6
41. a4 Re7 42. b5 axb5 43. axb5 cxb5 44. cxb5 g5 45. Rd6 gxf4 46. gxf4 Ng6 47.
Kg3 Rc7 48. Be4 Ne7 49. f5 Nxf5+ 50. Bxf5 Rc5 51. Rb6 Rxe5 52. Kf4 1-0

[Event "Lichtenberger Sommer 2019"]
[Site "Berlin"]
[Date "2019.08.23"]
[Round "7.30"]
[White "Kraft, Tom"]
[Black "Bornschein, Burkhard"]
[Result "1/2-1/2"]
[WhiteElo "1893"]
[BlackElo "2016"]
[PlyCount "37"]
[EventDate "2019.??.??"]
[WhiteTeam "SC Zugzwang 95 (Berlin)"]
[BlackTeam "BSC Rehberge"]

1. d4 d5 2. Nf3 Nf6 3. Bf4 e6 4. e3 c5 5. c3 Nc6 6. Bd3 Be7 7. h3 O-O 8. Nbd2
Bd7 9. O-O h6 10. Ne5 Rc8 11. Ndf3 Be8 12. Rc1 Nxe5 13. Nxe5 Nd7 14. Bb1 Nxe5
15. Bxe5 Bd6 16. f4 f6 17. Bxd6 Qxd6 18. Qd2 f5 19. Rf2 1/2-1/2

[Event "Lichtenberger Sommer 2019"]
[Site "Berlin"]
[Date "2019.08.23"]
[Round "7.31"]
[White "Ahlers, Knut"]
[Black "Silz, Elisa"]
[Result "1/2-1/2"]
[WhiteElo "1880"]
[BlackElo "2011"]
[PlyCount "74"]
[EventDate "2019.??.??"]
[WhiteTeam "SV Bargteheide"]
[BlackTeam "SV Empor Berlin"]

1. e4 c5 2. Nf3 d6 3. d4 cxd4 4. Nxd4 Nf6 5. Nc3 a6 6. f3 e5 7. Nb3 Be6 8. Be3
h5 9. Qd2 Nbd7 10. O-O-O Be7 11. h3 Rc8 12. Kb1 b5 13. Bd3 h4 14. f4 Bc4 15.
Nd5 Bxd5 16. exd5 Nxd5 17. Bxb5 Nxe3 18. Bxd7+ Qxd7 19. Qxe3 Qf5 20. fxe5 dxe5
21. Qe2 O-O 22. Rhf1 Qe6 23. Nd2 Rc7 24. Rfe1 Rfc8 25. c3 Rc5 26. Nb3 Rb5 27.
Qf3 Rcb8 28. Re2 a5 29. Ka1 Rxb3 30. axb3 Qxb3 31. Qd5 Qa4+ 32. Kb1 Rd8 33.
Qxd8+ Bxd8 34. Rxd8+ Kh7 35. Rxe5 Qf4 36. Rxa5 g5 37. Rd4 Qf1+ 1/2-1/2

[Event "Lichtenberger Sommer 2019"]
[Site "Berlin"]
[Date "2019.08.23"]
[Round "7.32"]
[White "Hoyer, Olaf"]
[Black "Guenther, Thomas"]
[Result "0-1"]
[WhiteElo "1824"]
[BlackElo "1985"]
[PlyCount "64"]
[EventDate "2019.??.??"]
[WhiteTeam "SC BS Gliesmarode"]

1. Nf3 Nf6 2. d4 e6 3. g3 b6 4. Bg2 Bb7 5. O-O Be7 6. c4 O-O 7. Nc3 Ne4 8. Qc2
Nxc3 9. Qxc3 d6 10. b3 f5 11. Qe3 Rf6 12. Ng5 Bxg2 13. Kxg2 Qd7 14. d5 e5 15.
f4 e4 16. Bb2 Rg6 17. Ne6 Na6 18. a3 c5 19. Qd2 Nc7 20. Nxc7 Qxc7 21. Rfc1 h5
22. Kf2 Kf7 23. h4 Rg4 24. a4 a5 25. e3 Rh8 26. Rg1 Qd8 27. Rh1 Rh6 28. Rag1
Rhg6 29. Qe2 Bxh4 30. gxh4 Rxg1 31. Rxg1 Qxh4+ 32. Kf1 Qh3+ 0-1

[Event "Lichtenberger Sommer 2019"]
[Site "Berlin"]
[Date "2019.08.23"]
[Round "7.33"]
[White "Zesewitz, Maik"]
[Black "Rogozenco, Teodora"]
[Result "1/2-1/2"]
[WhiteElo "1742"]
[BlackElo "1974"]
[PlyCount "55"]
[EventDate "2019.??.??"]
[WhiteTeam "SF Friedrichshagen"]
[BlackTeam "Hamburger SK"]

1. f4 d5 2. Nf3 Nf6 3. e3 Bf5 4. Be2 h6 5. d3 e6 6. O-O Bd6 7. Qe1 Nbd7 8. Nbd2
c6 9. Nh4 Bh7 10. f5 Qc7 11. g3 O-O-O 12. e4 g5 13. Ng2 dxe4 14. dxe4 exf5 15.
exf5 Bc5+ 16. Kh1 Rhe8 17. Nc4 Nb6 18. Qa5 Rd5 19. Bd3 Nxc4 20. Qxc7+ Kxc7 21.
Bxc4 Rxf5 22. Bd2 Ng4 23. h3 Rxf1+ 24. Rxf1 Nf2+ 25. Kh2 Bxc2 26. Bxf7 Re7 27.
Be3 Bxe3 28. Nxe3 1/2-1/2

[Event "Lichtenberger Sommer 2019"]
[Site "Berlin"]
[Date "2019.08.23"]
[Round "7.35"]
[White "Bellomo, Riccardo"]
[Black "Schmidt, Fabian"]
[Result "0-1"]
[WhiteElo "1677"]
[BlackElo "1952"]
[PlyCount "24"]
[EventDate "2019.??.??"]
[WhiteTeam "SC Zugzwang 95 (Berlin)"]
[BlackTeam "Königsjäger Süd-West"]

1. e4 e5 2. f4 exf4 3. Nf3 d5 4. exd5 Nf6 5. Bb5+ c6 6. Qe2+ Be7 7. dxc6 Nxc6
8. Nc3 O-O 9. Kd1 Re8 10. Bxc6 bxc6 11. Qc4 Ng4 12. Rf1 Ne3+ 0-1

[Event "Lichtenberger Sommer 2019"]
[Site "Berlin"]
[Date "2019.08.23"]
[Round "7.36"]
[White "Ho, Ngoc Hai-Dang"]
[Black "Bender, Sebastian"]
[Result "0-1"]
[WhiteElo "1642"]
[BlackElo "1911"]
[PlyCount "66"]
[EventDate "2019.??.??"]
[WhiteTeam "SV Mattnetz Berlin"]
[BlackTeam "SC Zugzwang 95 (Berlin)"]

1. e4 c5 2. Nf3 e6 3. d4 cxd4 4. Nxd4 Nc6 5. a3 a6 6. Nc3 Qc7 7. Be3 Nf6 8. f3
Be7 9. Be2 d6 10. Qd2 Ne5 11. O-O O-O 12. Rad1 Bd7 13. Kh1 b5 14. f4 Nc4 15.
Bxc4 bxc4 16. b4 cxb3 17. cxb3 Rac8 18. Rc1 Qb7 19. Qd3 Rfe8 20. b4 Bf8 21. e5
dxe5 22. fxe5 Nd5 23. Ne4 Nxe3 24. Qxe3 Rxc1 25. Rxc1 Rc8 26. Rxc8 Bxc8 27. Nc3
a5 28. bxa5 Bxa3 29. Ncb5 Bc5 30. Qc3 Qe4 31. Nc2 Bb7 32. Qd2 Qc4 33. Ne3 Qxb5
0-1

[Event "Lichtenberger Sommer 2019"]
[Site "Berlin"]
[Date "2019.08.23"]
[Round "7.37"]
[White "Niehaus, Frank"]
[Black "Schmalzried, Volker"]
[Result "1-0"]
[WhiteElo "2143"]
[BlackElo "1808"]
[PlyCount "77"]
[EventDate "2019.??.??"]
[WhiteTeam "SK König Tegel"]

1. e4 c5 2. Nf3 Nc6 3. d4 cxd4 4. Nxd4 g6 5. Nc3 Bg7 6. Be3 Nf6 7. Bc4 O-O 8.
Bb3 d6 9. f3 Bd7 10. Qd2 a6 11. O-O-O Nxd4 12. Bxd4 b5 13. g4 a5 14. e5 dxe5
15. Bxe5 Bc6 16. Qe3 Qc8 17. g5 Nh5 18. Bd5 e6 19. Bxc6 Qxc6 20. Rd6 Qc4 21.
Rhd1 b4 22. b3 Qc8 23. Na4 Qc7 24. Rxe6 Bxe5 25. Rxe5 Rac8 26. Rd2 Rfd8 27.
Rxd8+ Rxd8 28. Nb6 Qd6 29. Nc4 Qd1+ 30. Kb2 Ng7 31. Nxa5 Nf5 32. Rxf5 gxf5 33.
Nc6 Rd2 34. Nxb4 Re2 35. Qd3 Qe1 36. Nd5 Rxh2 37. Nf6+ Kg7 38. Qd4 Kg6 39. Ne4
1-0

[Event "Lichtenberger Sommer 2019"]
[Site "Berlin"]
[Date "2019.08.23"]
[Round "7.38"]
[White "Döring, Martin"]
[Black "Schäfer, Heiko"]
[Result "1-0"]
[WhiteElo "1807"]
[BlackElo "2002"]
[PlyCount "105"]
[EventDate "2019.??.??"]
[WhiteTeam "SC Weisse Dame"]
[BlackTeam "Potsdamer SV"]

1. d4 e6 2. c4 d5 3. Nc3 c6 4. e4 dxe4 5. Be3 Nf6 6. f3 exf3 7. Nxf3 Nbd7 8.
Bd3 e5 9. O-O Bd6 10. Qe1 O-O 11. Bg5 Re8 12. Qh4 Nf8 13. Rad1 exd4 14. Nxd4
Bc5 15. Bc2 Ng6 16. Bxg6 fxg6 17. Kh1 Bxd4 18. Rxd4 Qe7 19. Ne4 Qxe4 20. Rxe4
Rxe4 21. Qf2 Bf5 22. Bxf6 gxf6 23. Re1 Rxc4 24. h3 Kf7 25. Qg3 Rd8 26. Re2 Rd7
27. Qb8 Be4 28. Qh8 f5 29. Qxh7+ Ke6 30. Qg8+ Rf7 31. Qxg6+ Ke7 32. h4 Rd4 33.
Qg5+ Kd7 34. h5 Rd6 35. Kg1 Kc7 36. Rd2 Rxd2 37. Qxd2 Rg7 38. Qf4+ Kd7 39. g3
Ke6 40. Qh6+ Kf7 41. Kf2 Kg8 42. a3 a6 43. b4 Rg4 44. Qe6+ Kh7 45. Qf6 b5 46.
Qd6 Rg5 47. Qf8 Rxh5 48. Qf7+ Kh6 49. Qf6+ Kh7 50. Ke3 Rh1 51. Kf4 Rg1 52. Ke5
Kg8 53. Qg6+ 1-0

[Event "Lichtenberger Sommer 2019"]
[Site "Berlin"]
[Date "2019.08.23"]
[Round "7.39"]
[White "Groot, Patrick"]
[Black "Fock, Sana"]
[Result "1-0"]
[WhiteElo "1971"]
[BlackElo "1800"]
[PlyCount "61"]
[EventDate "2019.??.??"]
[WhiteTeam "SF 1903 Berlin"]
[BlackTeam "SC Kreuzberg"]

1. d4 d5 2. c4 e6 3. Nc3 Nf6 4. cxd5 exd5 5. Bg5 Be7 6. e3 c6 7. Bd3 O-O 8. Qc2
h6 9. Bh4 Re8 10. Nge2 Nbd7 11. O-O b6 12. Rad1 Bb7 13. f3 c5 14. Bf2 a6 15. a3
Rc8 16. Qd2 Qc7 17. Bg3 Qd8 18. Bf5 Nh5 19. Bf2 g6 20. Bb1 c4 21. e4 b5 22. Be3
Kh7 23. e5 b4 24. axb4 Bxb4 25. Bxh6 Rh8 26. Nf4 Kg8 27. Nxh5 gxh5 28. Qf4 Nxe5
29. Bg5 Qb6 30. Qxe5 Bd6 31. Qf5 1-0

[Event "Lichtenberger Sommer 2019"]
[Site "Berlin"]
[Date "2019.08.23"]
[Round "7.40"]
[White "Barwich, Andreas"]
[Black "Wallmann, Bodo"]
[Result "1/2-1/2"]
[WhiteElo "1951"]
[BlackElo "1789"]
[PlyCount "47"]
[EventDate "2019.??.??"]
[WhiteTeam "SV Berolina Mitte"]
[BlackTeam "SC Kreuzberg"]

1. e4 e6 2. d4 c5 3. Nf3 cxd4 4. Nxd4 a6 5. Be3 Qc7 6. Nd2 Nf6 7. Bd3 Nc6 8.
O-O Be7 9. c3 O-O 10. Nxc6 Qxc6 11. Bd4 d6 12. f4 Ne8 13. Qh5 g6 14. Qh6 Bf6
15. Rf3 e5 16. Be3 Bg7 17. Qh4 exf4 18. Bd4 Bxd4+ 19. cxd4 Qb6 20. Qh6 Qxd4+
21. Kh1 Qxb2 22. Raf1 Qg7 23. Qxf4 Be6 24. h4 1/2-1/2

[Event "Lichtenberger Sommer 2019"]
[Site "Berlin"]
[Date "2019.08.23"]
[Round "7.41"]
[White "Patzenhauer, Max"]
[Black "Mock, Peter"]
[Result "0-1"]
[WhiteElo "1945"]
[BlackElo "1784"]
[PlyCount "80"]
[EventDate "2019.??.??"]
[WhiteTeam "SV Motor Wildau"]
[BlackTeam "SC Rochade (Berlin)"]

1. d4 d5 2. Nf3 Nf6 3. e3 e6 4. Bd3 Be7 5. Nbd2 O-O 6. O-O Nbd7 7. b3 c5 8. Bb2
a6 9. Ne5 Nxe5 10. dxe5 Nd7 11. Qh5 g6 12. Qh6 f5 13. c4 d4 14. Nf3 dxe3 15.
Qxe3 b6 16. Rfd1 Bb7 17. Be2 Qc7 18. Rd2 Rfd8 19. Rad1 Nf8 20. h4 h6 21. Qxh6
Rxd2 22. Rxd2 Rd8 23. h5 Bxf3 24. hxg6 Rxd2 25. g7 Nh7 26. Bxf3 Rxb2 27. Qxe6+
Kxg7 28. Qxf5 Ng5 29. Bd5 Qd8 30. f4 Qf8 31. Qg4 Rb1+ 32. Kf2 Kh8 33. Qh5+ Nh7
34. f5 Bh4+ 35. g3 Bg5 36. Qg6 Rb2+ 37. Kf3 Be7 38. g4 Qg7 39. Qe8+ Bf8 40. Qe6
Ng5+ 0-1

[Event "Lichtenberger Sommer 2019"]
[Site "Berlin"]
[Date "2019.08.23"]
[Round "7.42"]
[White "Verbitsky, Jaroslaw"]
[Black "Kohlmeyer, Dagobert"]
[Result "0-1"]
[WhiteElo "1917"]
[BlackElo "1776"]
[PlyCount "120"]
[EventDate "2019.??.??"]
[WhiteTeam "SV Mattnetz Berlin"]
[BlackTeam "SG Weißensee 49"]

1. e4 e6 2. d4 d5 3. Nd2 c5 4. Ngf3 Nc6 5. exd5 exd5 6. Bb5 Bd6 7. dxc5 Bxc5 8.
O-O Nge7 9. Nb3 Bb6 10. c3 O-O 11. Re1 a6 12. Bd3 Bf5 13. Be3 Bxe3 14. Rxe3 g6
15. Nfd4 Nxd4 16. Nxd4 Bxd3 17. Qxd3 Qd7 18. Rd1 Rad8 19. Qd2 Nf5 20. Rd3 Nxd4
21. Rxd4 Rfe8 22. c4 Qe7 23. g3 Qe2 24. cxd5 Qxd2 25. R1xd2 Rd6 26. Rc4 Red8
27. Rc7 b6 28. Rb7 Kg7 29. f4 h5 30. Kf2 b5 31. Ke3 Rxd5 32. Rxd5 Rxd5 33. Rb6
a5 34. Ke4 Rc5 35. a3 a4 36. Kd4 Rf5 37. Rc6 h4 38. Rc5 hxg3 39. hxg3 Rh5 40.
g4 Rh4 41. Rxb5 Rxg4 42. Ke3 Rg2 43. Rb4 Rg3+ 44. Kd2 Rg4 45. Rxa4 g5 46. Rb4
gxf4 47. a4 Kf6 48. a5 Ke5 49. a6 Rg2+ 50. Ke1 Rg1+ 51. Kf2 Ra1 52. Rb6 Kd5 53.
b4 Ke4 54. Rd6 Ra2+ 55. Ke1 Ke3 56. b5 f3 57. Rd1 Rh2 58. Rd3+ Kxd3 59. a7 Ke3
60. Kd1 f2 0-1

[Event "Lichtenberger Sommer 2019"]
[Site "Berlin"]
[Date "2019.08.23"]
[Round "7.43"]
[White "Zesewitz, Martin"]
[Black "Becker, Werner"]
[Result "1/2-1/2"]
[WhiteElo "1906"]
[BlackElo "1758"]
[PlyCount "34"]
[EventDate "2019.??.??"]
[WhiteTeam "SF Friedrichshagen"]
[BlackTeam "SC Rochade (Berlin)"]

1. f4 Nf6 2. Nf3 g6 3. Nc3 d5 4. e3 Bg7 5. Be2 O-O 6. O-O c5 7. d3 d4 8. Ne4
Nxe4 9. dxe4 Nc6 10. e5 Bf5 11. Bd3 Bxd3 12. Qxd3 Qb6 13. b3 Rad8 14. a3 e6 15.
Nd2 dxe3 16. Qxe3 Nd4 17. Qe4 Nf5 1/2-1/2

[Event "Lichtenberger Sommer 2019"]
[Site "Berlin"]
[Date "2019.08.23"]
[Round "7.44"]
[White "Schönberger, Kay"]
[Black "Rausch, Erik"]
[Result "1-0"]
[WhiteElo "1901"]
[BlackElo "1718"]
[PlyCount "157"]
[EventDate "2019.??.??"]
[WhiteTeam "SV Koblenz"]
[BlackTeam "SC Kreuzberg"]

1. d4 Nf6 2. c4 e6 3. Nc3 Bb4 4. a3 Bxc3+ 5. bxc3 c5 6. f3 cxd4 7. cxd4 d5 8.
e3 O-O 9. Bd3 b6 10. Ne2 Bb7 11. O-O Nbd7 12. cxd5 exd5 13. Bd2 Re8 14. Qa4 a6
15. Qb4 Qe7 16. Qxe7 Rxe7 17. Rfc1 Nf8 18. Ng3 g6 19. Rab1 b5 20. Rb2 Ne6 21.
Rcb1 Bc6 22. Nf1 Nd7 23. Ba5 f5 24. Rc2 Rc8 25. a4 f4 26. axb5 axb5 27. Bxb5
Nb8 28. Bxc6 Nxc6 29. Rbc1 Ra8 30. Be1 Ncd8 31. Bf2 fxe3 32. Bxe3 Kf7 33. g3
Ra4 34. Rd1 Rb7 35. Bf2 Rbb4 36. Rdc1 Nxd4 37. Bxd4 Rxd4 38. Rc7+ Kf6 39. Rxh7
Ne6 40. Rh8 Rd3 41. Rc6 Rc4 42. Rb6 Rdc3 43. Rd8 Rc6 44. Rxc6 Rxc6 45. Rxd5 Rc1
46. Kf2 Nc5 47. Ne3 Ke6 48. Rd1 Rc3 49. Ke2 Nd7 50. h4 Nf6 51. g4 Ra3 52. Rc1
Ra6 53. Rc5 Ra2+ 54. Rc2 Ra6 55. Kf2 Rd6 56. Re2 Kf7 57. Ng2 Ra6 58. Nf4 Ra5
59. Kg3 Rb5 60. Rh2 Rb3 61. Re2 Rb5 62. g5 Nd7 63. Nd3 Ra5 64. Kg4 Ra1 65. Ne5+
Nxe5+ 66. Rxe5 Rg1+ 67. Kh3 Rh1+ 68. Kg3 Rg1+ 69. Kh2 Rf1 70. Kg2 Ra1 71. Re2
Ra4 72. Kg3 Ra3 73. Kg4 Ra1 74. Rg2 Ra4+ 75. f4 Rb4 76. Rh2 Rb1 77. h5 Rg1+ 78.
Kf3 Rf1+ 79. Kg3 1-0

[Event "Lichtenberger Sommer 2019"]
[Site "Berlin"]
[Date "2019.08.23"]
[Round "7.45"]
[White "Villuela, Roberto"]
[Black "Jaeger, Andre"]
[Result "1/2-1/2"]
[WhiteElo "1787"]
[BlackElo "1897"]
[PlyCount "37"]
[EventDate "2019.??.??"]
[WhiteTeam "Nairobi Chess Club"]
[BlackTeam "SC Rochade (Berlin)"]

1. d4 Nf6 2. Bf4 c5 3. d5 d6 4. Nc3 g6 5. e4 Bg7 6. Nf3 Bg4 7. Be2 Bxf3 8. Bxf3
a6 9. a4 Nfd7 10. a5 Ne5 11. Be2 Nbd7 12. O-O b5 13. axb6 Qxb6 14. Qd2 O-O 15.
Ra4 Qxb2 16. Rb1 Nf3+ 17. gxf3 Qxc3 18. Qxc3 Bxc3 19. Rxa6 1/2-1/2

[Event "Lichtenberger Sommer 2019"]
[Site "Berlin"]
[Date "2019.08.23"]
[Round "7.46"]
[White "Bade, Heidrun"]
[Black "Muskewitz, Bernd"]
[Result "0-1"]
[WhiteElo "1783"]
[BlackElo "1879"]
[PlyCount "65"]
[EventDate "2019.??.??"]
[WhiteTeam "USV Potsdam"]
[BlackTeam "SF Nordost Berlin"]

1. e4 c5 2. Nf3 e6 3. d4 cxd4 4. Nxd4 a6 5. Bd3 Qc7 6. Nd2 Nc6 7. c3 Nf6 8.
Nxc6 dxc6 9. h3 Be7 10. Nf3 O-O 11. Qe2 e5 12. O-O h6 13. Nh4 b5 14. Nf5 Bxf5
15. exf5 Bc5 16. b4 Ba7 17. c4 Bd4 18. Rb1 Rfd8 19. Rb3 e4 20. Bb1 Qe5 21. Kh1
Qxf5 22. f3 Qh5 23. Qe1 bxc4 24. Ra3 exf3 25. Raxf3 Qe5 26. Qd1 Bg1 27. Bf4 Qb2
28. Qc1 Qxc1 29. Bxc1 Bd4 30. Re1 a5 31. Bd2 axb4 32. Bxb4 c5 33. Bd2 0-1

[Event "Lichtenberger Sommer 2019"]
[Site "Berlin"]
[Date "2019.08.23"]
[Round "7.47"]
[White "Willich, Manfred"]
[Black "Schilly, Hans-Joachim"]
[Result "1-0"]
[WhiteElo "1871"]
[BlackElo "1739"]
[PlyCount "69"]
[EventDate "2019.??.??"]
[WhiteTeam "SK Turm Bad Hersfeld"]
[BlackTeam "SF Siemensstadt"]

1. Nf3 d5 2. c4 c6 3. d4 e6 4. Nbd2 Nf6 5. g3 Bd6 6. Bg2 Nbd7 7. O-O O-O 8. Qc2
b6 9. b3 Bb7 10. Bb2 Rc8 11. Rac1 dxc4 12. Nxc4 Bb8 13. Qb1 c5 14. Rfd1 Qe7 15.
Qa1 Qe8 16. dxc5 bxc5 17. Nd6 Bxd6 18. Rxd6 Ne4 19. Rdd1 f6 20. Qb1 Bd5 21. Ne1
f5 22. Nd3 Ndf6 23. Nf4 Ba8 24. f3 Ng5 25. Ba3 Qb5 26. Qd3 Qa5 27. Bb2 Nd5 28.
Nxd5 Bxd5 29. e4 fxe4 30. fxe4 Ba8 31. Qe3 h6 32. h4 Nf7 33. Bh3 Qxa2 34. Qc3
e5 35. Bxc8 1-0

[Event "Lichtenberger Sommer 2019"]
[Site "Berlin"]
[Date "2019.08.23"]
[Round "7.48"]
[White "Neuwald, Volker"]
[Black "Karyah, Thomas"]
[Result "0-1"]
[WhiteElo "1774"]
[BlackElo "1870"]
[PlyCount "58"]
[EventDate "2019.??.??"]
[WhiteTeam "SK Ottenau"]
[BlackTeam "SC Zugzwang 95 (Berlin)"]

1. c4 g6 2. Nc3 Bg7 3. Nf3 d6 4. d4 Nf6 5. e3 b6 6. Be2 Bb7 7. O-O Nbd7 8. a3
O-O 9. Qc2 Rc8 10. b4 c5 11. d5 cxb4 12. axb4 Nxd5 13. Rxa7 Nxb4 14. Qb3 Bxf3
15. Bxf3 Nd3 16. Nd5 N3e5 17. Be2 e6 18. Nb4 Nc5 19. Qc2 Qh4 20. g3 Qe4 21. Rd1
Nf3+ 22. Bxf3 Qxf3 23. Nd3 Nxd3 24. Qxd3 Rxc4 25. Qxd6 Rfc8 26. Ba3 Bf8 27. Qd2
Bxa3 28. Rxa3 Rc2 29. Qe1 Rxf2 0-1

[Event "Lichtenberger Sommer 2019"]
[Site "Berlin"]
[Date "2019.08.23"]
[Round "7.49"]
[White "Grassi, Fabrizio"]
[Black "Ellert, Stefan"]
[Result "1-0"]
[WhiteElo "1861"]
[BlackElo "1580"]
[PlyCount "63"]
[EventDate "2019.??.??"]
[WhiteTeam "SV Berlin-Friedrichstadt"]
[BlackTeam "SV Empor Berlin"]

1. d4 d5 2. Bf4 e6 3. e3 f5 4. Bd3 Nf6 5. Nf3 Bd6 6. Ne5 O-O 7. Nd2 b6 8. Qe2
c5 9. c3 Qc7 10. Ndf3 c4 11. Bc2 b5 12. a3 a5 13. b3 Nbd7 14. g4 Bxe5 15. Nxe5
Nxe5 16. Bxe5 Qf7 17. f3 Nd7 18. Bf4 Bb7 19. O-O Rae8 20. Bd6 g6 21. Bxf8 Qxf8
22. Qd2 Qd6 23. Kg2 Kg7 24. Rae1 Rh8 25. e4 h5 26. Qg5 hxg4 27. fxg4 fxe4 28.
Re2 b4 29. Ref2 Rf8 30. Rxf8 Nxf8 31. Qf6+ Kg8 32. Qf7+ 1-0